| 000 | 00882cab a2200277 4500 | ||
|---|---|---|---|
| 001 | ABS56994 | ||
| 008 | 090401t1997 xxu||||| |||| 00| 0 eng d | ||
| 035 | _a(Sirsi) u98413 | ||
| 041 | _aeng | ||
| 100 | _aGrimmond, S.V. | ||
| 245 | 4 | _aThe allocation of land for housing within a high growth area | |
| 260 | _c1997 | ||
| 350 | _a0 | ||
| 490 |
_aJournal of Property Development _v1(3) April 1997, 139-147(9) |
||
| 520 | _aA paper presenting research findings on the technical processes involved in the allocation of land for private housing. Uses the former Grampian region as a case study. | ||
| 650 | _aFUTURE GROWTH | ||
| 650 | _aGRAMPIAN REGION | ||
| 650 | _aHOUSING DEMAND | ||
| 650 | _aHOUSING LAND | ||
| 650 | _aLAND ALLOCATION | ||
| 650 | _aPRIVATE HOUSING | ||
| 650 | _aRESEARCH | ||
| 690 | _aHOUSING-DEVELOPMENT | ||
| 942 | _n0 | ||
| 948 | _c30/05/1997 | ||
| 999 |
_c59807 _d59807 |
||